Statistics for Golden State Warriors 2010's Starters

Click here to take the quiz!

General Stats

  • This quiz has been taken 1,518 times
    (1,401 since last reset)
  • The average score is 9 of 16

Answer Stats

PlayerStarts% Correct
Stephen Curry9
100%
Draymond Green5
99%
Klay Thompson8
99%
Kevin Durant3
94%
Andre Iguodala1
76%
Andrew Bogut3
74%
Harrison Barnes3
73%
Monta Ellis3
69%
Zaza Pachulia2
68%
DeMarcus Cousins1
57%
David Lee4
53%
Festus Ezeli1
14%
Andris Biedrins3
13%
Dorell Wright2
5%
Anthony Morrow1
4%
Corey Maggette1
4%

Score Distribution

Percentile by Number Answered

Percent of People with Each Score

Your Score History

You have not taken this quiz since the last reset